Lolztron Geography Quiz - Statistics

General Stats
  • This quiz has been taken 6 times
    4 since last reset
  • The average score is 15 of 20
Answer Stats
Hint Answer % Correct
Richard Powel is the current president of ___. Artelo
100%
The state containing Artello's Capitol. Batonia
100%
A country known for its syrup and moose. Canalaca
100%
The planet Lolztron was on before the reset. Earth
100%
A large mass of nothing Luminant Void
100%
The most volcanic Artelian state. Magnai
100%
The biggest city in Artelo. New Batsuvian City
100%
The small town containing Lolz' vacation home. Peanutsburg
100%
A state that is mostly underwater. Submechore
100%
A large area covered in a shadow. Veiled Crater
100%
The Planet. Zorboi
100%
Dungeons and Dragons. Bardian
50%
Country name meaning 'Land of Honor'. Ehrenlind
50%
Capitol of Ehrenlind. Gottstadt
50%
An island said to have hidden treasure in its sand. Marlin's Cove
50%
A dimension known for its blue color. Pariah
50%
The state most connected to pirate decor Radiant
50%
The hottest country. Sunzara
50%
And island known for its large dome TidalHeim
50%
A state known for its Flora. Floryn
0%
No matching quizzes found
Score Distribution
Percent of People with Each Score
Percentile by Number Answered
Your Score History
You have not taken this quiz since the last reset